| 000 | 02964nam0a2200457 4500 | ||
|---|---|---|---|
| 001 | RU\NLR\bibl\827378 | ||
| 005 | 20250614140613.0 | ||
| 010 |
_a5-89392-104-6 _bв обл. |
||
| 010 |
_a0-7897-3245-9 _bамер. _93000 |
||
| 021 |
_aRU _b2005-15931 _9813 |
||
| 035 | _aRSL-KNO-002586653 | ||
| 035 | _a(NLR Aleph) 000816273 | ||
| 090 |
_a1272750 _c1272750 |
||
| 100 | _a20050401d2005 |||y0rusy50 ca | ||
| 101 | 1 |
_arus _ceng |
|
| 102 | _aRU | ||
| 105 | _aa ||||||||| | ||
| 106 | _ar | ||
| 200 | 1 |
_aАбсолютно ясно о цифровой музыке _eучеб. пособие _fТом Банзел _g[пер. с англ.: А. Тимаков] |
|
| 210 |
_aМ. _cИзд-во "Триумф" _d2005 _gОАО Можайский полигр. комб. |
||
| 215 |
_a223 с. _cцв. ил. _d26 |
||
| 225 | 1 | _aСмотри и делай сам | |
| 300 | _aНа обл.: В цвете! | ||
| 606 | 1 |
_aМузыкальные редакторы _jУчебные издания для самообразования _92078412 _3RU\NLR\AUTH\661254266 |
|
| 606 | 1 |
_aМузыка _jУчебные издания для самообразования _xЦифровая звукозапись _92391105 _3RU\NLR\auth\661425936 |
|
| 610 | 0 | _aРадиоэлектроника -- Электроакустика -- Запись и воспроизведение звука -- Оптическая, лазерная запись и воспроизведение звука -- Аппаратура -- Детали и узлы -- Звуконосители -- Преобразование сигналов -- Применение вычислительных машины -- Наглядное пособие для самообразования | |
| 610 | 0 | _aВычислительная техника -- Вычислительные машины электронные цифровые -- Персональные компьютеры -- Управляющие, вводные и выводные устройства -- Работа на машинах и аппаратах -- Наглядное пособие для самообразования | |
| 610 | 0 | _aИскусство. Искусствознание -- Музыка -- Теория музыки -- Музыкальная акустика. Естественнонаучные основы музыки -- Кибернетика в применении к музыке -- Наглядное пособие для самообразования | |
| 686 |
_aЗ871.4-5-042-013с116я78-7 _2rubbk |
||
| 686 |
_aЗ973.26-082.402я78-7 _2rubbk |
||
| 686 |
_aЩ310.69я78-7 _2rubbk |
||
| 686 | _aЗ973.235-018я78 | ||
| 686 | _aЩ310.69я78 | ||
| 700 | 1 |
_aБанзел _bТ. _gТом _4070 |
|
| 801 | 0 |
_aRU _bRuMoRKP _c20050401 _grcr |
|
| 801 | 1 |
_aRU _bRuMoRGB _c20050401 |
|
| 801 | 2 |
_aRU _bNLR _c20050803 _gPSBO |
|
| 942 | _cBOOK | ||
| 980 | _aNB | ||